CDS General Bibin Rawat/ (Record no. 202156)

MARC details
000 -LEADER
fixed length control field 00559nam a22001937a 4500
005 - DATE AND TIME OF LATEST TRANSACTION
control field 20240704164121.0
010 ## - LCCN (DPL NO)
LC control number ENG-140792
020 ## - INTERNATIONAL STANDARD BOOK NUMBER
Terms of availability 695.00
International Standard Book Number 9789392844157
035 ## - SYSTEM CONTROL NUMBER
System control number EN-124324
037 ## - SOURCE OF ACQUISITION
Source of stock number/acquisition DBAD
082 ## - DEWEY DECIMAL CLASSIFICATION NUMBER
Classification number 920
100 ## - MAIN ENTRY--PERSONAL NAME
Personal name Kumar, Shubham
245 ## - TITLE STATEMENT
Title CDS General Bibin Rawat/
Statement of responsibility, etc by Shubham Kumar
260 ## - PUBLICATION, DISTRIBUTION, ETC. (IMPRINT)
Place of publication, distribution, etc Delhi
Name of publisher, distributor, etc Adhunik Prakashan
Date of publication, distribution, etc 2022
270 ## - ADDRESS
Address 4771/23,Ansari Road, Darayaganj, Delhi
City Delhi
Postal code 110002
300 ## - PHYSICAL DESCRIPTION
Extent 208p.
Dimensions 23cm(hb)
700 ## - ADDED ENTRY--PERSONAL NAME
Personal name Kumar, Shubham
9 (RLIN) 66187
942 ## - ADDED ENTRY ELEMENTS (KOHA)
Source of classification or shelving scheme Dewey Decimal Classification
Item type English Books
Call number suffix SHU
Classification part 920
Holdings
Withdrawn status Lost status Not for loan Collection code Home library Current library Date acquired Source of acquisition Cost, normal purchase price Full call number Barcode Copy number Cost, replacement price Koha item type
      Non-fiction Central Jail Tihar Central Jail Tihar 15/04/2024 DBAD 695.00 SHU 920 EN-124324 1 695.00 English Books

© Delhi Public Library
Hit Counter
free hit counter